Grease characters - Statistics

General Stats
  • This quiz has been taken 368 times
  • The average score is 5 of 8
Answer Stats
Hints Answers % Correct
The new girl at Rydell Sandy
100%
The boy she met at the beach Danny
97%
The ringleader of the pink ladies Rizzo
94%
The main girl character's best friend Frenchie
68%
In the pink ladies and has a crush on a TV presenter Marty
55%
A member of the pink ladies Jan
53%
Gets told off on the first day back at school Sunny
18%
The t-birds' arche-enemy The scorpians
4%
No matching quizzes found
Score Distribution
Percent of People with Each Score
Percentile by Number Answered
Your Score History
You have not taken this quiz